|
|
|
|
| LEADER |
01982nam a2200409Mu 4500 |
| 001 |
35196 |
| 003 |
BD-DhAAL |
| 005 |
20211121113800.0 |
| 008 |
190901t2016 enka b 001 0 eng d |
| 999 |
|
|
|c 39966
|d 39966
|
| 020 |
|
|
|a 9781780236339
|
| 020 |
|
|
|a 1780236794
|
| 020 |
|
|
|a 9781780236797
|
| 035 |
|
|
|a (OCoLC)973187413
|
| 035 |
|
|
|a NHCCYBP
|
| 040 |
|
|
|a EBLCP
|b eng
|c EBLCP
|d OCLCO
|d IDEBK
|d MERUC
|d MYG
|d BD-DhAAL
|
| 049 |
|
|
|a MYGG
|
| 050 |
|
4 |
|a NA740
|
| 082 |
0 |
4 |
|a 720.971
|
| 100 |
1 |
|
|a Liscombe, R. W.,
|d 1946-
|e author.
|9 33767
|
| 245 |
1 |
0 |
|a Canada :
|b Modern Architectures in History / by Rhodri Windsor Liscombe and Michelangelo Sabatino.
|
| 246 |
|
|
|a Canada
|
| 260 |
|
|
|a London :
|b Reaktion Books,
|c 2016.
|
| 300 |
|
|
|a 390 pages :
|b illustrations ;
|c 21 cm.
|
| 490 |
1 |
|
|a Modern Architectures in History
|
| 500 |
|
|
|a Description based upon print version of record.
|
| 505 |
0 |
|
|a Cover ; Canada modern architectures in history; Imprint Page ; Contents; Introduction; Chapter One: Modernity in Canada, 1886-1914; Chapter Two: Modernizing the Dominion, 1914-45; Chapter Three: Modernism and Reconstruction, 1945-67; Chapter Four: Modernism with a Punch, 1945-67; Chapter Five: Questioning Modernism, 1967-86; Chapter Six: Regenerative Modernism, 1986 to the Present; Chapter Seven: Canada's Modernist Legacy; References; Bibliography; Acknowledgements; Photo Acknowledgements; Index
|
| 526 |
|
|
|a ARC
|
| 541 |
|
|
|a Trim Education
|e 35196
|
| 650 |
|
|
|a Architecture
|z Canada
|9 33768
|
| 650 |
|
|
|a Modern movement (Architecture)
|9 33769
|
| 650 |
|
|
|a Architecture
|z Canada
|x History
|y 20th century.
|9 33770
|
| 700 |
1 |
|
|a Sabatino, Michelangelo,
|e author.
|9 33771
|
| 830 |
|
|
|a Modern Architectures in History
|9 33794
|
| 852 |
|
|
|a Ayesha Abed Library
|c General Stacks
|
| 942 |
|
|
|2 ddc
|c BK
|
| 952 |
|
|
|0 0
|1 0
|2 ddc
|4 0
|6 720_971000000000000_LIS
|7 0
|9 66042
|a BRACUL
|b BRACUL
|c GEN
|d 2019-08-21
|e Trim Education
|g 3704.00
|l 0
|o 720.971 LIS
|p 3010035196
|r 2019-08-21
|t 1
|v 3704.00
|w 2019-08-21
|y BK
|